La autonomía en la escuela
Guardat en:
| Autors principals: | , |
|---|---|
| Format: | Llibre |
| Idioma: | espanyol |
| Publicat: |
Buenos Aires
Losada
1941
|
| Col·lecció: | Publicaciones de la revista de pedagogía, 6
|
| Matèries: | |
| Etiquetes: |
Afegir etiqueta
Sense etiquetes, Sigues el primer a etiquetar aquest registre!
|
MARC
| LEADER | 00000nam a2200000 a 4500 | ||
|---|---|---|---|
| 001 | UCZ0745 | ||
| 003 | CL-VaPUC | ||
| 008 | 950809e19410000AG |||||||||||||||||spa|d | ||
| 082 | 0 | 4 | |a 371.394 |b PIA |2 21 |
| 100 | 0 | |a Piaget, Jean |e author |9 308149 | |
| 700 | 0 | |a Heller, Joseph |e author |9 343931 | |
| 245 | 1 | 3 | |a La autonomía en la escuela |
| 300 | |a 207 p | ||
| 942 | |c BK | ||
| 945 | |d 19950809 00:00:00 |a cmena | ||
| 260 | |a Buenos Aires |b Losada |c 1941 | ||
| 650 | 7 | |a ENSEÑANZA INDIVIDUALIZADA |2 CL-VaPUC |9 307241 | |
| 650 | 0 | |a Métodos de enseñanza |9 270413 | |
| 650 | 0 | |a Psicología educacional |9 307830 | |
| 650 | 0 | |a Investigación educacional |9 261192 | |
| 650 | 7 | |a EDUCACION COMPARADA |2 CL-VaPUC |9 307694 | |
| 651 | 7 | |a CHECOSLOVAQUIA |2 CL-VaPUC |9 343932 | |
| 651 | 7 | |a POLONIA |2 CL-VaPUC |9 321936 | |
| 651 | 0 | |a Francia |9 255157 | |
| 583 | |a last modification |c 19950809 00:00:00 |k Rodrigo Vera | ||
| 490 | 0 | |a Publicaciones de la revista de pedagogía, 6 | |
| 999 | |c 237652 |d 237650 | ||
| 952 | |0 0 |1 0 |4 0 |6 371_394000000000000_PIA_1941 |7 0 |8 P |9 247134 |a BIBEDU |b BIBEDU |c BIBEDU_PB |d 2019-11-18 |i 1554212 |o 371.394 PIA 1941 |p 1554212 |r 2024-01-25 |w 2019-11-18 |y BK |k EDU | ||